000 nam a22 a 4500
999 _c15
_d15
003 AKMAL
005 20170413083122.0
008 170413s2000 my 00 may d
020 _a9679787575 (kkt.):
_cRM12.00
040 _aAKMAL
082 0 4 _a332.4509595
_221
090 0 0 _a332.4509595
_bMAH
100 0 _aMahathir Mohamad,
_cTun,
_d1925-
_941
245 1 0 _aKrisis matawang Malaysia :
_bbagaimana dan mengapa ia berlaku /
_cMahathir Mohamad
260 _aSubang Jaya,
_c2000
300 0 0 _a64ms. ;
_c22cm
500 _aJuga diterbitkan dalam bahasa Inggeris
599 _aLULUS
650 0 _aFinancial crisis
_zMalaysia
_962
651 0 _aMalaysia
_xEconomic conditions
_963
942 _2ddc
_cBOOK